Analytical techniques in forensic science: spectroscopy and chromatography

Spectroscopy and chromatography are two fundamental analytical techniques widely used in scientific research, industrial applications, and various fields of study, including chemistry, biology, environmental science, and forensic science. Spectroscopy involves the interaction of matter with electrom...

Full description

Saved in:  
Bibliographic Details
Main Author: Neole, Nupoor Gopal (Author)
Format: Print Article
Language:English
Published: 2024
In: Cases on forensic and criminological science for criminal detection and avoidance
Year: 2024, Pages: 188-240
Check availability: HBZ Gateway

MARC

LEADER 00000naa a2200000 c 4500
001 1939427118
003 DE-627
005 20251024143651.0
007 tu
008 251024s2024 xx ||||| 00| ||eng c
020 |a 9781668498002 
035 |a (DE-627)1939427118 
035 |a (DE-599)KXP1939427118 
040 |a DE-627  |b ger  |c DE-627  |e rda 
041 |a eng 
084 |a 2,1  |2 ssgn 
100 1 |a Neole, Nupoor Gopal  |e VerfasserIn  |4 aut 
245 1 0 |a Analytical techniques in forensic science: spectroscopy and chromatography  |c Nupoor Gopal Neole 
264 1 |c 2024 
336 |a Text  |b txt  |2 rdacontent 
337 |a ohne Hilfsmittel zu benutzen  |b n  |2 rdamedia 
338 |a Band  |b nc  |2 rdacarrier 
500 |a Literaturverzeichnis: Seite 231-240 
520 |a Spectroscopy and chromatography are two fundamental analytical techniques widely used in scientific research, industrial applications, and various fields of study, including chemistry, biology, environmental science, and forensic science. Spectroscopy involves the interaction of matter with electromagnetic radiation, allowing the characterization of molecules based on their absorption, emission, or scattering of light. Chromatography, on the other hand, is a separation technique that separates and analyzes mixtures based on differences in their distribution between a mobile phase and a stationary phase. This abstract provides an overview of the principles, methodologies, and applications of spectroscopy and chromatography. It highlights their significance in elucidating the chemical composition, structure, and properties of substances, as well as their roles in qualitative and quantitative analysis, detection of impurities, and identification of compounds in complex matrices. 
773 0 8 |i Enthalten in  |t Cases on forensic and criminological science for criminal detection and avoidance  |d Hershey : IGI GLOBAL, 2024  |g (2024), Seite 188-240  |h xxiii, 454 Seiten  |w (DE-627)1884327281  |z 9781668498002  |7 nnam 
773 1 8 |g year:2024  |g pages:188-240 
776 1 |o 10.4018/978-1-6684-9800-2.ch008 
951 |a AR 
ELC |b 1 
LOK |0 000 xxxxxcx a22 zn 4500 
LOK |0 001 4791489675 
LOK |0 003 DE-627 
LOK |0 004 1939427118 
LOK |0 005 20251024143651 
LOK |0 008 251024||||||||||||||||ger||||||| 
LOK |0 040   |a DE-2619  |c DE-627  |d DE-2619 
LOK |0 092   |o n 
LOK |0 852   |a DE-2619 
LOK |0 852 1  |9 00 
LOK |0 939   |a 24-10-25  |b l01 
ORI |a SA-MARC-krimdoka001.raw